LEADER 02775nam 22005655 450 001 9910480290403321 005 20200630045137.0 010 $a3-662-02695-3 024 7 $a10.1007/978-3-662-02695-3 035 $a(CKB)2660000000026934 035 $a(SSID)ssj0001244546 035 $a(PQKBManifestationID)11812083 035 $a(PQKBTitleCode)TC0001244546 035 $a(PQKBWorkID)11319919 035 $a(PQKB)11469855 035 $a(DE-He213)978-3-662-02695-3 035 $a(MiAaPQ)EBC3097546 035 $a(EXLCZ)992660000000026934 100 $a20130107d1991 u| 0 101 0 $aeng 135 $aurnn|008mamaa 181 $ctxt 182 $cc 183 $acr 200 10$aManual of INTERNAL FIXATION$b[electronic resource] $eTechniques Recommended by the AO-ASIF Group /$fby Maurice E. Müller, Martin Allgöwer, Robert Schneider, Hans Willenegger 205 $a3rd ed. 1991. 210 1$aBerlin, Heidelberg :$cSpringer Berlin Heidelberg :$cImprint: Springer,$d1991. 215 $a1 online resource (XXVIII, 752 p. 478 illus., 239 illus. in color.) 300 $a"With 500 Illustrations, Mostly in Color." 311 $a3-540-52523-8 311 $a3-642-08091-X 320 $aIncludes bibliographical references at the end of each chapters and index. 327 $a1 Basic Aspects of Internal Fixation -- 2 Preoperative Planning and Principles of Reduction -- 3 Screws and Plates and Their Application -- 4 Medullary Nailing of Femur and Tibia -- 5 External Fixation -- 6 Pre-, Intra- and Postoperative Guidelines -- 7 Scapula, Clavicle, Humerus -- 8 Forearm and Hand/Mini-Implants -- 9 Pelvis -- 10 Acetabulum -- 11 Proximal Femur -- 12 Femoral Shaft and Distal Femur -- 13 Patella and Tibia -- 14 Malleolar Fractures -- 15 Foot -- 16 The Spine -- 17 Compound Fractures -- 18 Fractures in Children -- 19 Pseudarthroses -- 20 Infections. 606 $aOrthopedics 606 $aTraumatology 606 $aSurgical Orthopedics$3https://scigraph.springernature.com/ontologies/product-market-codes/H45027 606 $aTraumatic Surgery$3https://scigraph.springernature.com/ontologies/product-market-codes/H59125 615 0$aOrthopedics. 615 0$aTraumatology. 615 14$aSurgical Orthopedics. 615 24$aTraumatic Surgery. 676 $a617.47 700 $aMüller$b Maurice E$4aut$4http://id.loc.gov/vocabulary/relators/aut$0218151 702 $aAllgöwer$b Martin$4aut$4http://id.loc.gov/vocabulary/relators/aut 702 $aSchneider$b Robert$4aut$4http://id.loc.gov/vocabulary/relators/aut 702 $aWillenegger$b Hans$4aut$4http://id.loc.gov/vocabulary/relators/aut 906 $aBOOK 912 $a9910480290403321 996 $aManual of INTERNAL FIXATION$92461745 997 $aUNINA LEADER 03087nam 22006612 450 001 9910790366303321 005 20151005020621.0 010 $a1-139-50788-5 010 $a1-107-22516-7 010 $a1-139-04557-1 010 $a1-280-77504-1 010 $a9786613685438 010 $a1-139-51741-4 010 $a1-139-51484-9 010 $a1-139-51391-5 010 $a1-139-51649-3 010 $a1-139-51834-8 035 $a(CKB)2670000000205246 035 $a(EBL)944700 035 $a(OCoLC)796383844 035 $a(SSID)ssj0000676738 035 $a(PQKBManifestationID)11460150 035 $a(PQKBTitleCode)TC0000676738 035 $a(PQKBWorkID)10683357 035 $a(PQKB)11628896 035 $a(UkCbUP)CR9781139045575 035 $a(MiAaPQ)EBC944700 035 $a(Au-PeEL)EBL944700 035 $a(CaPaEBR)ebr10578264 035 $a(CaONFJC)MIL368543 035 $a(EXLCZ)992670000000205246 100 $a20141103d2012|||| uy| 0 101 0 $aeng 135 $aur||||||||||| 181 $ctxt$2rdacontent 182 $cc$2rdamedia 183 $acr$2rdacarrier 200 10$aAugustus $eintroduction to the life of an emperor /$fKarl Galinsky$b[electronic resource] 210 1$aCambridge :$cCambridge University Press,$d2012. 215 $a1 online resource (xxiv, 200 pages) $cdigital, PDF file(s) 300 $aTitle from publisher's bibliographic system (viewed on 05 Oct 2015). 311 $a0-521-74442-3 311 $a0-521-76797-0 320 $aIncludes bibliographical references and index. 327 $aFrom Velitrae to Caesar's heir -- Power struggles and civil war -- The experiment of the principate -- The challenge of pax Augusta -- Augustus at home: friends and family -- Cultural vitality -- The Augustan empire: unity and diversity -- The final days and an assessment. 330 $aAugustus, Rome's first emperor, is one of the great figures of world history and one of the most fascinating. In this lively and concise biography Karl Galinsky examines Augustus' life from childhood to deification. He chronicles the mosaic of vicissitudes, challenges, setbacks and successes that shaped Augustus' life, both public and private. How did he use his power? How did he manage to keep re-inventing himself? What kind of man was he? A transformative leader, Augustus engineered profound change in Rome and throughout the Mediterranean world. No one would have expected such vast achievements from the frail and little-known eighteen-year-old who became Caesar's heir amid turmoil and crisis. A mere thirteen years later, after defeating Antony and Cleopatra, he had, in his words, 'power over all things'. 606 $aEmperors$zRome$vBiography 607 $aRome$xHistory$yAugustus, 30 B.C.-14 A.D 607 $aRome$xPolitics and government$y30 B.C.-68 A.D 615 0$aEmperors 676 $a937/.07092 700 $aGalinsky$b Karl$f1942-$0162862 801 0$bUkCbUP 801 1$bUkCbUP 906 $aBOOK 912 $a9910790366303321 996 $aAugustus$93852873 997 $aUNINA